| 000 | 01367nam a2200349Ia 4500 | ||
|---|---|---|---|
| 001 | ebr10057137 | ||
| 003 | CaPaEBR | ||
| 006 | m u | ||
| 007 | cr cn||||||||| | ||
| 008 | 960209s1996 enkab sb 000 0beng d | ||
| 010 | _z 96010186 | ||
| 020 | _z6610326932 (electronic bk.) | ||
| 020 | _z9786610326938 (electronic bk.) | ||
| 040 |
_aCaPaEBR _cCaPaEBR |
||
| 035 | _a(OCoLC)560361502 | ||
| 050 | 1 | 4 |
_aDG315 _b.P65 1996eb |
| 082 | 0 | 4 |
_a937/.08 _220 |
| 100 | 1 |
_aPohlsander, Hans A., _d1927- |
|
| 245 | 1 | 4 |
_aThe Emperor Constantine _h[electronic resource] / _cHans A. Pohlsander. |
| 260 |
_aLondon ; _aNew York : _bRoutledge, _c1996. |
||
| 300 |
_axiv, 105 p. : _bill., maps. |
||
| 490 | 1 | _aLancaster pamphlets | |
| 504 | _aIncludes bibliographical references (p. 102-105). | ||
| 533 |
_aElectronic reproduction. _bPalo Alto, Calif. : _cebrary, _d2009. _nAvailable via World Wide Web. _nAccess may be limited to ebrary affiliated libraries. |
||
| 600 | 0 | 0 |
_aConstantine _bI, _cEmperor of Rome, _dd. 337. |
| 650 | 0 |
_aEmperors _zRome _vBiography. |
|
| 651 | 0 |
_aRome _xHistory _yConstantine I, the Great, 306-337. |
|
| 655 | 7 |
_aElectronic books. _2local |
|
| 710 | 2 | _aebrary, Inc. | |
| 830 | 0 | _aLancaster pamphlets. | |
| 856 | 4 | 0 |
_uhttp://site.ebrary.com/lib/rucke/Doc?id=10057137 _zAn electronic book accessible through the World Wide Web; click to view |
| 999 |
_c70576 _d70576 |
||